Дело о новом дополнительном постановлении о медицинском факультете Московского университета высочайше утвержденного в виде опыта...

Доступно только в Электронных читальных залах Найти на картеНа карте
RUSMARC
00004581nmc2a22000003x 450
0012e6f6dd6-6da3-4ccc-a00b-b47c37ecef6e
00520180702165358.0
100##$a20160407l18561859k l0rusy0189 ca
1010#$arus
102##$aRU
2001#$aДело о новом дополнительном постановлении о медицинском факультете Московского университета высочайше утвержденного в виде опыта на пять лет и о некоторых изменениях в оном для принятия к постоянному руководству. Тут же об учреждении вновь при Московском университете аптеки и о доставлении заключения относительно постановления о хозяйственном и полицейском управлении факультетской комиссией
$j29 сентября 1850 г.
$hЧасть 4
251##$cДело
300##$aДело
300##$aОриг. заголовок дела: Дело об изменении утверждённого в декабре 1845 года дополнительного постановления о медицинском факультете Московского университета. 3 мая 1856 г. - 29 сентября 1859 г
801#0$aRU
$bРГИА
$c20160407
$gRCR
801#1$aRU
$bГлавНИВЦ
$c20160407
$2rusmarc
801#2$aRU
$bПБ им. Б.Н. Ельцина
$c20180702
$gRCR
$2rusmarc
850##$aРГИА
852##$aРГИА
$eФедеральное казенное учреждение "Российский государственный исторический архив" (РГИА)
$j5
937##$hРГИА
$d12193881
$aASBIBLIO_SCAN
462#0$100175ee99a9-5750-4f16-9283-bc673fb37de8
$12001
$aДела разряда высших учебных заведений Департамента народного просвещения за 1838-1872 гг.
$1251
$cОпись
$1852
$j147
461#0$1001a74412a3-3cc5-4d21-8f0a-dfe2fbd9e72d
$12001
$aДепартамент народного просвещения Министерства народного просвещения (1803-1917)
$1251
$cФонд
$1852
$j733
215##$a116 л.
$d36,5х26 см
371##$aДокумент не является опубликованным и широко распространяемым
105##$ay###
1222#$ad
5171#$aДело об изменении утверждённого в декабре 1845 года дополнительного постановления о медицинском факультете Московского университета. 3 мая 1856 г. - 29 сентября 1859 г
035##$a2e6f6dd6-6da3-4ccc-a00b-b47c37ecef6e
856##$uhttp://readingroom.main.prlib.ru/item.aspx?id_node=n116579688&mode=full
Формат отображения